000 00384nam a2200121 4500
008 180213b xxu||||| |||| 00| 0 eng d
100 _926383
_aCahiles-Magkilat, Bernie
245 _aGov't ties up with Facebook for high-speed internet/
_cBernie Cahiles-Magkilat
260 _aPhilippines
_bManila Bulletin
_cc2017
300 _apage B-3.
650 0 _926384
_aInternet.
942 _2ddc
_cPER
999 _c8575
_d8575